|
|
|
|
| LEADER |
01111cam a2200289 a 4500 |
| 001 |
0000139265 |
| 005 |
20180410090000.0 |
| 040 |
|
|
|a mod
|
| 041 |
|
|
|a eng
|
| 020 |
0 |
0 |
|a 9781451639612 (pbk.)
|
| 090 |
0 |
0 |
|a 158.1
|b COV
|e 2013
|
| 100 |
1 |
0 |
|a Covey
|h Stephen R
|
| 245 |
1 |
4 |
|a The 7 habits hifgly effective people
|b powerful lessons in personal change
|c Stephen R. Covey
|
| 246 |
0 |
0 |
|a Seven habits of highly effective people
|
| 250 |
0 |
0 |
|a 25th anniversary ed
|
| 260 |
0 |
0 |
|a New York
|b Simon & Schuster
|c 2013
|
| 300 |
0 |
0 |
|a xxx, 391 p.
|c 22 cm
|
| 500 |
0 |
0 |
|a Includes index
|
| 500 |
0 |
0 |
|a Previously published: New York : Free Press, c2004
|
| 650 |
0 |
0 |
|a Conduct of life
|
| 650 |
0 |
0 |
|a Character
|
| 650 |
0 |
0 |
|a Success
|x Psychological aspects
|
| 852 |
0 |
0 |
|a 01
|
| 999 |
|
|
|a 0293850
|b KTD
|d BOOKS
|e Umum
|f KTD
|j AVAILABLE
|q GOOD CONDITION
|
| 999 |
|
|
|a 0296700
|b PUSWATAN
|d BOOKS
|e Umum
|f PUSWATAN
|j AVAILABLE
|q GOOD CONDITION
|
| 999 |
|
|
|a 0296769
|b 6 BGD
|d BOOKS
|e Umum
|f 6 BGD
|j AVAILABLE
|q GOOD CONDITION
|
| 999 |
|
|
|a B000027454
|b Bahagian Staf Perisikan Pertahanan
|d BOOKS
|e Umum
|f Bahagian Staf Perisikan Pertahanan -BSPP
|j AVAILABLE
|q GOOD CONDITION
|